000 00611nam a2200229Ia 4500
005 20260320201820.0
008 008 262003s9999 xx 000 0 eng d
037 _aEBOOK
040 _aCRL
040 _beng
040 _cCRL
041 _2eng
041 _aeng
084 _qCRL
100 _aNearchou
_91136019
245 0 _aCombating Crime on the Dark Web: Learn how to access the dark web safely and not fall victim to cybercrime
260 _bIEEE
856 _uhttps://ieeexplore.ieee.org/servlet/opac?bknumber=10163576
942 _cEBOOK
999 _c1723696
_d1723696